| Tag |
First Indicator |
Second Indicator |
Subfields |
| LEADER |
00000cam a2200000 4500 |
| 001 |
in00000024444 |
| 005 |
20151007062350.0 |
| 008 |
720301s1966 nju b 00010 eng u |
| 010 |
|
|
|a 66010551
|
| 035 |
|
|
|a (OCoLC)00253872
|
| 035 |
|
|
|9 AAD4680AM
|
| 040 |
|
|
|c CCL
|d TXA
|d UtOrBLW
|
| 049 |
|
|
|a TXAM
|c [461478]
|
| 050 |
|
0 |
|a PN721
|b .C6
|
| 092 |
|
|
|a 809
|b C696p
|
| 100 |
1 |
|
|a Colie, Rosalie Littel.
|
| 245 |
1 |
0 |
|a Paradoxia epidemica ;
|b the renaissance tradition of paradox /
|c [by] Rosalie L. Colie.
|
| 264 |
|
1 |
|a Princeton, N. J. :
|b Princeton University Press,
|c 1966.
|
| 300 |
|
|
|a xx, 553 pages ;
|c 21 cm.
|
| 336 |
|
|
|a text
|b txt
|2 rdacontent
|
| 337 |
|
|
|a unmediated
|b n
|2 rdamedia
|
| 338 |
|
|
|a volume
|b nc
|2 rdacarrier
|
| 504 |
|
|
|a Bibliography: pages [521]- 541.
|
| 650 |
|
0 |
|a Literature, Modern
|y 15th and 16th centuries
|x History and criticism.
|
| 650 |
|
0 |
|a Paradox.
|
| 999 |
|
|
|a MARS
|
| 999 |
f |
f |
|s 3dc752ee-6f16-3230-9b83-1328f87470ff
|i d322b0f2-2d6c-3f7f-8cec-58bac0a1f254
|t 0
|
| 952 |
f |
f |
|p ric
|a Texas A&M University
|b Rellis Campus
|c Joint Library Facility
|d Remote Storage
|t 0
|e PN721 .C6
|h Library of Congress classification
|i unmediated -- volume
|m A14801204688
|
| 998 |
f |
f |
|a PN721 .C6
|t 0
|l Remote Storage
|